000 01157nam0a22002891 4500
001 RU\INFOCOMM_322\NLR\5000073947
005 20250613102314.0
035 _a(NLR Aleph) 009438527
090 _a8329530
_c8329530
100 _a20121123d1979 |||y0rusy50 ca
101 1 _aeng
_crus
102 _aRU
105 _ay z |||||
200 1 _aGeneral principles of organization of manufacture at the enterprises for the blind
_fAnna Yazvina
_g[Пер. Н. А. Апполоновой]
_gAll-Russia assoc. of the blind
210 _aM.
_cAll-Russia assoc. of the blind
_d1979
215 _a26 с.
_d17 см
300 _aВ вып. дан.: Основные принципы организации производства для слепых / А. П. Язвина
606 _aСлепые
_xПроизводственное обучение
_91672014
_3RU\NLR\AUTH\661040505
620 _aМосква
686 _aУ27(2)227
_2rubbk
700 1 _9z01790
_aJazvina
_bA. P.
_gAnna Pavlovna
790 1 _9z01700
_aYazvina
_bA.
_gAnna
_4070
801 1 _aRU
_bNLR
_c20121123
801 0 _aRU
_bINFOCOMM
_gPSBO
852 _aNLR
_jЭк75 Д-2/64
942 _cBOOK
980 _aNB